[Event "Politiken zt"]
[Site "Munkebo"]
[Date "1998.09.12"]
[Round "1.3"]
[White "Salmensuu, Olli"]
[Black "Danielsen, Henrik"]
[Result "0-1"]
[WhiteElo "2420"]
[BlackElo "2510"]
[Annotator "Tsesarsky,I"]
[PlyCount "99"]
[EventDate "1998.09.10"]
[EventType "k.o."]
[EventRounds "5"]
[EventCountry "DEN"]
[SourceTitle "CBM 067"]
[Source "ChessBase"]
[SourceDate "1998.11.30"]
[SourceVersion "2"]
[SourceVersionDate "1998.11.01"]
[SourceQuality "1"]

{[%mdl 20500]} 1. d4 c6 2. e4 d5 3. exd5 cxd5 4. c4 Nf6 5. Nc3 e6 6. Nf3 Nc6 7.
cxd5 Nxd5 (7... exd5 $1 $11) 8. Bd3 Be7 9. O-O O-O 10. Re1 Nf6 11. a3 b6 12.
Be3 (12. Bg5 Bb7 13. Bc2 g6 (13... h6 14. Bh4 Rc8 15. Qd3 g6 16. Rxe6 Ba6 17.
Qxa6 fxe6 18. Bxg6 (18. Qd3 Qe8 19. Re1 $16) 18... Nxd4 19. Nxd4 Qxd4 20. Qxa7
Qxh4 21. Qxe7 Qg4 22. Bc2 Rf7 23. Qd6 $16) 14. Bh6 Re8 15. Bb3 Rc8 16. Qd3 Na5
17. Ba4 (17. Ba2 Bxf3 18. Qxf3 (18. gxf3 Nc6 19. Rad1 Qc7 20. d5 exd5 21. Nxd5
Nxd5 22. Qxd5 Bf8 (22... Bf6 23. Rxe8+ Rxe8 24. Rc1 Rc8 (24... Re6 25. Qb5 a6
26. Qxa6 Rd6 (26... Re8 27. Qb5 Rc8 28. Bd5 $18) 27. Bf4 $18) 25. Rxc6 Qxc6 26.
Qxf7+ Kh8 27. Bd5 Qd6 28. Be6 $18) 23. Rxe8 Rxe8 24. Bxf8 Rxf8 25. Qd7 Qxd7 26.
Rxd7 Ne5 27. Rxa7 Nxf3+ 28. Kg2 Ne1+ 29. Kf1 Nd3 30. b4 Kg7 31. Rb7 Ra8 32.
Bxf7 Rxa3 33. Bc4+ Kh6 34. Bxd3 Rxd3 35. Rxb6 Rb3 36. b5 $16)) 17... Bc6 18.
Bxc6 Nxc6 19. Rad1 Nd5 20. Ne4 $132) (12. Bb1 Ba6 (12... Bb7 13. Qd3 g6 14. Bh6
Re8 15. Ba2 Nd5 16. Nxd5 (16. Ne4 Rc8 17. Rad1 $132) 16... exd5 17. Ne5 Bf6 18.
Nxc6 Bxc6 $11 {1/2-1/2 Le Blancq,S-Campora,D/Thessaloniki olm 1988/TD 88\06 
(37)}) 13. Bg5 Rc8 14. Qc2 g6 15. Bh6 Re8 16. Qd1 Bc4 17. Bc2 a6 18. h3 b5 $11
{1-0 Van Riemsdijk,H-Campora,D/Recife 1991 (48)}) (12. Bf4 Bb7 13. Rc1 (13. Bc2
Rc8 14. Qd3 g6 15. Rad1 Na5 16. Bh6 Re8 17. Ba4 Bc6 18. Bxc6 Nxc6 19. d5 Nxd5
20. Nxd5 exd5 21. Qxd5 Qxd5 22. Rxd5 Bf8 $11 {1/2-1/2 Smyslov,V-Andersson,U/
Reggio Emilia 1986/CBM 04 (25)}) 13... Rc8 (13... g6 14. Bc4 Rc8 15. Qd3 Kg7
16. Rcd1 Na5 17. Bb5 Nd5 18. Be5+ Kg8 {1/2-1/2 Keres,P-Petrosian,T/JUG ct
Zagreb 1959/CAND (18)}) 14. h3 a6 (14... Re8 15. Bb1 Na5 16. Ne5 Nd5 17. Qh5 g6
18. Nxg6 fxg6 19. Bxg6 Nf6 20. Bf7+ (20. Qg5 $4 hxg6 21. Qxg6+ Kh8 22. Re5 Bf8
23. Rce1 Bg7 $19 {0-1 Van Riemsdijk,H-Van Laatum,G/Dieren op 1990/EXP 19 (49)})
20... Kh8 21. Be5 Nc4 (21... Rf8 22. Bg6 $18) 22. Bxe8 (22. Qh6 Nxe5 23. dxe5
Rg8 24. Bxg8 Qxg8 25. g3 Nd7 $132) 22... Qxe8 23. Qxe8+ Rxe8 24. Nb5 Nxe5 25.
Rxe5 (25. dxe5 Nd5 26. Nc7 Rg8 27. Nxe6 Rg6 28. Nd4 Nf4 29. g3 Nd3 30. Rc7 Nxe1
31. Rxe7 Rg7 32. Re8+ (32. Rxg7 Kxg7 33. f4 $132) 32... Rg8 33. Re7 Rg7 $11)
25... Bd5 (25... Rg8 26. Rc7 $18) 26. Nc7 Rc8 27. Rc3 Rg8 28. Nxd5 Nxd5 29. Rc6
Nf4 30. Kf1 $16) 15. Bb1 b5 16. Qd3 g6 17. b4 a5 18. Qxb5 Ba8 19. d5 exd5 20.
Na4 $16 {1/2-1/2 Vasiukov,E-Dolmatov,S/Frunze 1983 (35)}) (12. Bc2 Qd6 (12...
Bd7 13. Qd3 g6 14. Bh6 Re8 15. Rad1 Rc8 16. Bb3 Na5 17. Ba2 Nd5 18. Bxd5 (18.
Ne4 $2 Nf6 19. Nc3 Nd5 20. Ne4 $2 {1/2-1/2 Williams,A-Morovic Fernandez,I/
Luzern olm 1982/BIG 80 (20)}) 18... exd5 19. Nxd5 Bf5 20. Qb5 Bd7 21. Rxe7 $3
Rxe7 (21... Bxb5 22. Nf6+ Kh8 23. Rxf7 Qxf6 24. Rxf6 $18) 22. Nxe7+ Qxe7 23.
Qe5 $16) (12... a5 13. Bf4 Ba6 14. Qd2 Rc8 15. Rad1 Bc4 16. Ne5 Nxe5 17. Bxe5
Nd5 18. Nxd5 Bxd5 19. Qd3 f5 {1/2-1/2 Berenyi,G-Bernei,A/HUN-chT 1993/TD 93\08
(19)}) 13. Bg5 Bb7 (13... Rd8 $2 14. Bxf6 Bxf6 15. Ne4 Qd7 (15... Qe7 16. Nxf6+
Qxf6 17. Bxh7+ Kxh7 18. Qc2+ Qf5 19. Qxc6 Ba6 20. Re5 $16) 16. Nxf6+ gxf6 17.
Qc1 $16 {1-0 Kuzmin,A-Petronic,J/Budapest Spring op 1989/TD 89\06 (21)}) 14.
Qd3 g6 15. Rad1 Rfd8 $11) 12... Bb7 13. Bc2 (13. Qe2 a6 (13... Rc8 14. Rad1 Nb8
(14... Na5 $6 15. Bg5 Nc6 16. Bb1 Re8 17. Qd3 g6 18. Ba2 Nd5 19. Ne4 Bxg5 (
19... Nb8 20. h4 Nf6 21. Bxf6 Bxf6 22. d5 exd5 23. Bxd5 Bxd5 24. Qxd5 Bg7 25.
Nd6 $16 {1-0 Gipslis-Wistaneckis/sf 1960 (29)}) 20. Nexg5 Re7 $11 (20... Nce7
$2 21. Ne5 $16 {[%csl Rf7]})) 15. Bb1 Nd5 16. Qd3 g6 17. Ne4 (17. Bh6 Re8 18.
Ne4 $132) 17... Nd7 18. Bh6 Re8 19. Bc1 N7f6 $11 {1-0 Abbasov,F-Doettling,F/
EuYouth U18 Boys, Tallinn EST 1997 (53)}) 14. Rad1 b5 15. Bg5 Re8 16. Bb1 Rc8
17. Ne5 Nxe5 18. dxe5 Nd5 19. Bxe7 Qxe7 20. Qd3 Qh4 21. Ne4 Red8 22. Nd6 Rc7
23. Re4 $14 {1-0 Angelov,K-Muhvic,D/Warsaw Legion op 1989/EXT 89op (28)}) (13.
Qc2 g6 14. Rad1 Rc8 15. Bh6 Re8 16. Qe2 Nd5 $11 (16... Qd6 17. Bb5 Bf8 18. Bg5
Nd5 19. Ne4 Qb8 20. Ne5 Rc7 21. Ng4 $14 {1-0 Sziva,E-Dahl,I/Malaysia iztW 1990/
TD 92\07 (33)})) (13. Rc1 Rc8 14. Bb1 Rc7 (14... Na5 15. Ne5 Nc4 16. Nxc4 Rxc4
17. Qd3 Rc8 18. Bg5 g6 19. Rcd1 (19. Ba2 Rc7 20. Rcd1 Nd5 21. Bh6 Re8 22. Nb5
Rd7 23. Nxa7 Qa8 (23... Bg5 24. Bxg5 Qxg5 25. Re5 $16 (25. Qg3 $2 Qxg3 (25...
Qf6 $2 26. Qe5 $16 (26. Bxd5 $16) (26. Nb5 $2 Nf4 $132 {0-1 Polgar,J-Karpov,A/
Hoogovens Blitz, Wijk aan Zee NED 1998 (64)})) 26. hxg3 Red8 27. Nb5 Ne7 $44))
24. Nb5 Nb4 $1 $132) 19... Nd5 20. Bxe7 Qxe7 21. Nxd5 Bxd5 $15 {0-1 Passakos,
G-Mastrokoukos,G/Ermoupoli 1996/EXT 96op2 (35)}) 15. Qd3 Rd7 16. Qc2 g6 17. Ba2
Ng4 (17... Nd5 18. Nxd5 exd5 19. Ne5 Nxe5 20. dxe5 Re8 21. Bd4 Bg5 22. Rcd1
$132) 18. Rcd1 Nxe3 19. fxe3 Bf6 $15 {0-1 Uhlmann,W-Karpov,A/Leningrad izt
1973/[#3412 - Mark Buckley] (45)}) 13... Re8 14. Qd3 g6 15. Rad1 Rc8 16. Bb3
Na5 17. Ba4 $1 (17. Ba2 $6 Nd5 (17... Bxf3 $2 18. gxf3 Nc6 19. d5 Ne5 20. Qe2
exd5 21. Nxd5 Nfd7 (21... Nxd5 22. Rxd5 Bd6 (22... Qc7 23. Bf4 $18) 23. Red1
Rc6 24. f4 $18) 22. f4 Nc6 23. Qg4 Ncb8 24. b4 (24. Rd2 Bc5 25. Red1 $14) 24...
Bf6 25. f5 Ne5 26. Qg2 Rc2 (26... Rc6 27. Nxb6 $18) 27. fxg6 hxg6 28. Bb3 Rb2
29. Ba4 Nec6 30. Nf4 Qc7 31. Bc1 Rxe1+ 32. Rxe1 $18) 18. Bd2 (18. Ne4 Nxe3 19.
fxe3 Bd5 20. Bxd5 exd5 $15) 18... Nxc3 19. Bxc3 Bd5 $15) 17... Bc6 18. Bxc6
Nxc6 19. d5 Nxd5 (19... exd5 20. Nxd5 (20. Bg5 d4 21. Qa6 Kg7 22. Nb5 Nd5 23.
Bxe7 Rxe7 24. Rxe7 Ndxe7 25. Nbxd4 Qd7 26. Qa4 Rd8 $11) 20... Nxd5 21. Qxd5
Qxd5 22. Rxd5 Rcd8 23. Red1 Rxd5 24. Rxd5 Rd8 $11) 20. Nxd5 exd5 21. Qxd5 Qxd5
22. Rxd5 Bf6 23. Rb1 (23. b4 Red8 24. Red1 $11) 23... Red8 24. Rxd8+ Rxd8 25.
Kf1 Na5 (25... Ne5 26. Nxe5 Bxe5 27. b3 $11) 26. Nd2 (26. b3 Rd3 27. Nd2 $11)
26... Rc8 27. b4 Nc6 28. Ne4 Be5 29. Rc1 (29. f4 Bd4 30. Bxd4 Nxd4 31. Rd1 Ne6
32. g3 Rc4 33. Nf6+ Kg7 34. Ne8+ Kf8 35. Nf6 $11) 29... f5 30. b5 (30. Ng5 Bb2
31. Rc2 Bxa3 32. b5 Ne7 33. Ra2 Rc3 (33... Bc1 34. Rxa7 Bxe3 35. fxe3 Nd5 36.
Nxh7 Rc2 37. Kg1 Rb2 38. Rd7 $11) 34. Rd2 Rb3 35. Rd7 Rxb5 36. Rxa7 Bd6 37. Bd4
Be5 38. Bxe5 Rxe5 39. Nf3 Nc8 40. Rxh7 Kxh7 41. Nxe5 $11) 30... Ne7 31. Rxc8+
Nxc8 32. Nd2 (32. Ng5 Nd6 33. Nf3 Bf6 34. Bd4 Kf7 35. a4 Ne4 36. Ke1 (36. Ke2
Bxd4 37. Nxd4 Nc3+ 38. Kd3 Nxa4 39. Nc6 Nc5+ 40. Kc4 a6 41. bxa6 Nxa6 42. Kb5
Nc5 43. Kxb6 Nd3 $17) 36... Bxd4 37. Nxd4 Nc5 38. Nc6 Nxa4 39. Nxa7 Ke6 40. Kd2
Kd5 $17) 32... Nd6 33. a4 Kf7 34. f4 (34. Ke2 Ke6 (34... f4 35. Nf3 Ke6 36. Bc1
Ne4 37. Nxe5 Kxe5 38. Kf3 g5 39. h4 h6 40. hxg5 hxg5 41. g3 g4+ (41... fxg3 42.
fxg3 Kd5 43. Kg4 Kc4 44. Bxg5 Kb4 45. Bf4 Kxa4 46. Bb8 $11) 42. Kxg4 Nxf2+ 43.
Kf3 fxg3 44. Bf4+ Kd5 45. Bxg3 Ne4 46. Bb8 $11) 35. f4 (35. h3 f4 $19) 35...
Bb2 $132) 34... Bb2 35. Nf3 Nc4 36. Ke2 Bf6 37. Bd4 $2 $17 (37. Bc1 Ke6 38. Kd3
Kd5 39. Nd2 Nd6 40. Ba3 Ne4 $11) 37... Bxd4 38. Nxd4 Nb2 39. Nc6 Nxa4 40. Nxa7
Ke6 41. Kd3 Kd5 42. h3 (42. g3 Kc5 43. h3 Nb2+ 44. Kc2 Nc4 45. Kd3 Nd6 46. Nc6
Kxb5 47. Nd4+ Kb4 48. g4 b5 (48... fxg4 $5 49. hxg4 b5 (49... h5 $2 50. g5 h4
51. f5 $1 gxf5 52. g6 Ne8 53. Nxf5 h3 54. Ke2 h2 55. Ng3 Kc3 (55... Kc4 56. Kf2
b5 (56... Kd3 57. Kg2 b5 58. Nf5 b4 59. Nd6 b3 60. Nb5 b2 61. Na3 $11) 57. Kg2
b4 58. Ne4 $44) (55... Ka3 56. Kf2 b5 57. Kg2 b4 58. Ne4 b3 59. Nd2 b2 60. Nc4+
$11) (55... b5 56. Kf2 Kc4 57. Kg2 b4 58. Ne4 $11) 56. Kf2 b5 57. Kg2 b4 58.
Ne2+ Kd3 59. Nc1+ Kc2 60. Ne2 Ng7 61. Kxh2 $11) 50. f5 gxf5 51. gxf5 Kc5 52. f6
b4 53. Nf5 h5 $19)) 42... Nc5+ (42... Kc5 43. g4 Nb2+ 44. Ke3 Nc4+ 45. Kd3 Nd6
$19) 43. Ke3 Ne4 44. g4 $2 $19 (44. Nc8 $142 Kc5 45. g4 Nc3 (45... Kxb5 $2 46.
gxf5 gxf5 47. Ne7 Nd6 48. Kd4 Ka4 49. Kd5 $132) 46. gxf5 gxf5 47. h4 Nxb5 48.
Ne7 (48. h5 Nc3 49. Ne7 Nd5+ $19) 48... Nd6 49. h5 $1 $17 (49. Kd3 h5 $1 (49...
b5 $2 50. h5 b4 51. Ng8 Ne4 52. Ne7 Ng3 53. h6 Kd6 54. Ng6 Kc5 55. Nf8 Ne4 56.
Nxh7 Nf2+ 57. Kc2 Ng4 58. Kb3 Nxh6 59. Ng5 $11) 50. Ng8 Ne8 51. Ne7 Ng7 52. Ng8
Ne6 53. Ke3 Nc7 54. Nh6 Nd5+ 55. Kf3 Ne7 56. Nf7 b5 $19)) 44... Nd6 $1 45. g5
Kc5 46. h4 Nxb5 47. Nc8 Nc7 48. Na7 Nd5+ 49. Kf3 Ne7 {[%csl Ra7]} 50. Ke3 0-1

[Event "Eilat GP "]
[Site "Eilat"]
[Date "2001.11.16"]
[Round "2"]
[White "Finkel, Alexander"]
[Black "Tsesarsky, Ilya"]
[Result "1-0"]
[WhiteElo "2485"]
[BlackElo "2442"]
[Annotator "Tsesarsky,I"]
[PlyCount "89"]
[EventDate "2001.11.15"]
[EventType "swiss"]
[EventRounds "5"]
[EventCountry "ISR"]
[SourceTitle "CBM 086"]
[Source "ChessBase"]
[SourceDate "2002.02.05"]
[SourceVersion "1"]
[SourceVersionDate "2002.02.05"]
[SourceQuality "1"]

1. e4 c5 2. c3 Nf6 3. e5 Nd5 4. Nf3 Nc6 5. Bc4 Nb6 6. Bb3 d5 7. exd6 Qxd6 8.
O-O Be6 $1 $132 {This strong move solves opening problems.} 9. Na3 ({Or} 9.
Bxe6 Qxe6 10. a4 Rd8 $15 {1/2-1/2 Slapikas,V-Ptacnikova,L/Polanica Zdroj 1996/
EXT 98 (54)}) 9... Bxb3 $1 {Immediate Bb3 capture is simple and good decision.
Black prepares e7-e6 and Bf8-e7. Be6 temporary obscures Pe6.} (9... a6 $6 10.
Ng5 Bd5 $5 (10... Nd8 $2 11. Nxe6 Nxe6 12. Qf3 $14 {Zeit. 1-0 Rabiega,
R-Jirovsky,M/Germany 1993/GER-chT2 (35)})) (9... c4 $6 10. Bc2 g6 (10... O-O-O
11. b3 $1 {/\-><<}) 11. d4 cxd3 12. Nb5 $1 Qd7 13. Qxd3 Qxd3 14. Bxd3 $14 {
1-0 Benjamin,J-Gavrikov,V/Horgen 1994/CBM 43/[Blatny,P] (43)}) 10. axb3 ({On} 
10. Qxb3 {goes} Qd3 $1 {[%csl Gd3] Obscuring Pd2 and Bc1.} (10... Rd8 11. d4
cxd4 12. Nb5 Qb8 13. Nbxd4 Nxd4 14. Nxd4 e6 15. Bg5 Rd5 16. Nf3 Bd6 17. Be3 Bc7
18. Rfd1 O-O $11 {0-1 Nepomucky,O-Michenka,J/CZE 1999/EXT 2001 (38)}) 11. Qb5
O-O-O 12. Ng5 c4 $1 {[%csl Rb5][%cal Gd8d5] Threatening Rd5!} 13. Nxf7 Rd5 14.
Nxh8 e5 15. b3 Rxb5 16. Nxb5 cxb3 $17 {0-1 Sermek,D-Gelfand,B/Portoroz SLO
2001/The Week in Chess 348 (29)}) 10... Qd3 11. Re1 e6 {I decided immediately
to complete pieces development.} ({Possible also} 11... Rd8 12. Ne5 Nxe5 13.
Rxe5 e6 14. Re3 Qd7 15. Nc4 Nxc4 16. bxc4 a6 17. Qg4 Qc6 $11 {1/2-1/2 Romero,
J-Sion Castro,M/Barcelona 2000/CBM 77 ext (62)}) 12. Re3 Qd7 13. Nc4 Nd5 $5 (
13... Nxc4 14. bxc4 Be7 15. d4 Rd8 $132) 14. Re1 Be7 15. d4 cxd4 16. Nfe5 Qc7
17. Nxc6 Qxc6 18. Qxd4 {[%csl Ra7,Rg7][%cal Gd4a7,Gd4g7]} O-O 19. Qg4 ({Not} 
19. Rxa7 $4 Bc5 20. Rxa8 Bxd4 21. Rxf8+ Kxf8 22. cxd4 Qb5 $19) 19... Nf6 (19...
Rfd8 $11) 20. Qg3 Qb5 $5 {[%csl Rb3][%cal Gb5b3] Played after long thought.} ({
Of course, good enough} 20... Rfd8 $11) 21. Bh6 Ne8 $2 $16 (21... Nh5 $1 22.
Qg4 Qxb3 23. Ne5 Qxb2 24. Qxh5 gxh6 $44 {I had evaluated this position as
dangerous for Black, but it isn't right. Of course, White has sufficient
compensation for material lack, but not more.}) 22. Ne5 f6 23. c4 $1 Qb4 24.
Nd3 $1 (24. Nd7 $143 $2 Bd6 (24... Rf7 25. Rxe6 Rd8 26. Rd1 $16) 25. Qe3 Rf7 (
25... gxh6 26. Nxf8 Bxf8 27. Qxe6+ Kh8 28. Qf7 $14) 26. Ra4 Bxh2+ 27. Kxh2 Qd6+
28. Bf4 Qxd7 29. Qxe6 Nc7 $1 $132) 24... Qd6 ({Badly is also} 24... Qxb3 25.
Rxe6 Rd8 26. Rxe7 Rxd3 27. Qg4 (27. Rxg7+ Kh8 28. f3 Rd1+ 29. Rxd1 Qxd1+ 30.
Kf2 Qc2+ $11) 27... f5 28. Qe2 gxh6 29. Rxe8 $16) 25. Nf4 $2 $14 ({After} 25.
Qxd6 $1 Bxd6 (25... Nxd6 26. Rxe6 $16) 26. Be3 a6 (26... Nc7 27. Bxa7 $16) 27.
Nc5 {[%csl Rb7,Re6]} Nc7 (27... Bxc5 28. Bxc5 Rf7 29. Rxe6 $16) 28. Nxb7 Bb4
29. Red1 $16 {White leaves with advantage in all variations.}) 25... e5 26. Nd5
Rf7 (26... a6 $5 27. Rad1 Rd8 $14) 27. Be3 a6 28. f4 exf4 $2 $16 (28... e4 $2
29. b4 $16) ({Right was only} 28... Nc7 $1 29. fxe5 fxe5 30. Nxe7+ Rxe7 31.
Rad1 $14) 29. Bxf4 Qc5+ ({Or} 29... Qd8 $6 30. Rad1 Bc5+ 31. Kh1 Rc8 32. b4 Bd6
33. Bxd6 Nxd6 34. c5 $18) 30. Kh1 Bf8 31. b4 $1 Qa7 $8 (31... Qxc4 32. Nb6 $18)
32. b5 $1 Rd8 (32... Bc5 33. Re6 Bf2 34. Qf3 $18) 33. b6 Qa8 34. Bc7 Rdd7 (
34... Nxc7 35. bxc7 Rd6 36. Re2 Qc8 37. Rae1 Rxd5 (37... Rxc7 38. Re8 Qd7 39.
R1e7 Qxe7 40. Nxe7+ Rxe7 41. Rxf8+ Kxf8 42. Qxd6 $18) 38. cxd5 Qxc7 $16) 35.
Re6 Qc8 (35... Nxc7 36. bxc7 Rxc7 37. Nxf6+ $1 (37. Nxc7 Qc8 {[%csl Rc7,Re6]}
38. Rd1 Qxc7 39. Qd3 $16) 37... Kh8 38. Re8 Rc8 39. Qh3 Rxf6 40. Qxc8 $18) 36.
Rae1 Nxc7 37. bxc7 Rxc7 38. Nxc7 Qxc7 39. Qd3 Rd7 40. Qe4 a5 41. b3 h6 42. g3
Qc5 43. Re8 Qd6 44. Kg2 Kf7 $2 $18 ({More stubborn was} 44... b6 $16 {Here
White has serious advantage and good odds to win the game.}) 45. Rxf8+ 1-0

[Event "ISR-chT"]
[Site "Israel"]
[Date "1997.05.02"]
[Round "10"]
[White "Vydeslaver, Alik"]
[Black "Tsesarsky, Ilya"]
[Result "0-1"]
[WhiteElo "2400"]
[BlackElo "2390"]
[Annotator "Tsesarsky,I"]
[PlyCount "138"]
[EventDate "1997.??.??"]
[EventType "team"]
[EventRounds "11"]
[EventCountry "ISR"]
[SourceTitle "CBM 058"]
[Source "ChessBase"]
[SourceDate "1997.06.01"]
[SourceVersion "1"]
[SourceVersionDate "1997.06.01"]
[SourceQuality "1"]

1. e4 c5 2. c3 Nf6 3. e5 Nd5 4. d4 cxd4 5. Qxd4 e6 6. Nf3 Nc6 7. Qe4 d6 8. Nbd2
dxe5 9. Nxe5 Nxe5 10. Qxe5 Qc7 11. Bb5+ Bd7 12. Bxd7+ Qxd7 13. Nf3 $146 (13.
O-O Qc7 {N} (13... Qd6 14. Qe4 $1 {/\ 15.Qa4, 15.Nc4|^}) 14. Qxc7 (14. Qe2 Bd6
$10 15. Nf3 Rc8 $1 {><c4} 16. g3 (16. Qb5+ Qd7) (16. Rd1 $10) 16... O-O 17. Nd4
{/\ Ne6!} Qc5 $5 (17... Qc4 18. Qxc4 {/\ Bd2, b3, c4=}) 18. Be3 $6 (18. Nxe6 $2
fxe6 19. Qxe6+ Kh8 20. b4 Qc6 $17) (18. Nb3 Qb6 {/\} 19. c4 Qa6) (18. Rd1 $10)
18... Nxe3 $15 {1/2-1/2 Rogers,I-Yudasin,L/Moscow (ol) 1994 (43)}) (14. Qe4 Bd6
(14... Be7 15. Nf3 O-O 16. c4 Nf6 17. Qf4 Rac8 18. b3 Qxf4 19. Bxf4 Rfd8 20.
Rfd1 Bc5 21. Bg5 {1/2-1/2 Mellado,J-Stritkovic,A/Pamplona op 1995}) 15. Nf3 O-O
{1/2-1/2 Campora,D-Yudasin,L/Espana 1994}) 14... Nxc7 15. Ne4 Be7 16. Be3 Nd5
17. Bc5 Bxc5 18. Nxc5 b6 19. Nd3 Rc8 20. Rac1 Ke7 21. c4 Nf6 22. Rfd1 Rhd8 23.
Ne5 Nd7 24. Nxd7 Rxd7 25. Rxd7+ Kxd7 26. Rd1+ Ke7 27. b3 a6 28. g3 Rc5 29. Kg2
b5 30. cxb5 Rxb5 {1/2-1/2 Sveshnikov,E-Panchenko,A/Sochi 1980}) (13. Ne4 Qc7
14. Qxc7 Nxc7 15. c4 Bb4+ 16. Ke2 O-O-O 17. Be3 b6 18. a3 Be7 19. Rac1 Kb7 20.
b4 e5 {1/2-1/2 Hagara Eduard-Rakay Kvetoslav/Ch Slovakia open 1995}) 13... Qc7
14. Qxc7 Nxc7 $11 15. Ke2 Bd6 16. Rd1 Ke7 17. c4 (17. Ng5 Rhd8 18. Ne4 Be5 19.
Bg5+ (19. f4 Rxd1 20. Kxd1 Rd8+ 21. Ke2 Bd6 22. Nxd6 Rxd6 23. Be3 b6 $132)
19... f6 20. f4 Bxc3 21. bxc3 fxg5 22. fxg5 $132) 17... Na6 18. Be3 Rhc8 19. b3
Bc5 20. Rd3 Nb4 21. Rd2 Bxe3 22. Kxe3 Rd8 23. a3 Rxd2 24. Kxd2 Rd8+ 25. Ke2 (
25. Kc3 Nd3 26. Rf1 (26. Ra2 Nf4 27. Ne1 (27. Nh4 g5 28. g3 Rd3+ 29. Kb4 (29.
Kc2 gxh4 30. gxf4 Rh3 $19) 29... gxh4 30. gxf4 Rh3 $19) (27. g3 Rd3+ 28. Kb4
Rxf3 29. gxf4 Rh3 30. f5 exf5 31. f4 Rf3 32. Re2+ Kf6 $19) 27... Rd1 28. g3
Rxe1 29. gxf4 Rh1 30. f3 Rf1 $19) 26... Nf4 27. Nd4 Nxg2 28. Rg1 Nh4 $17 29.
Rxg7 Rxd4 $19) 25... Nd3 (25... Nc2 26. Ra2 Nd4+ 27. Nxd4 Rxd4 28. Rd2 Rxd2+
29. Kxd2 Kd6 $11) 26. g3 Nc5 (26... Rd6 27. Rd1 Nc5 28. Rxd6 Kxd6 29. b4 $11)
27. b4 Ne4 28. Rc1 f5 (28... Rd6 29. Ne5 (29. Ke3 f5 30. Ne5 Ra6 31. Ra1 Rd6
$11) 29... f6 30. Nd3 Ra6 31. f3 Nd6 32. Rc3 Rc6 33. Nb2 b6 $11) 29. Rc2 Rd6 (
29... Kf6 30. h4 e5 $11) 30. Ne5 Rd4 $5 (30... Ra6 31. f3 Nf6 32. Rc3 Nd7 $11)
31. f3 (31. Nf3 Rd6 32. Ne5 Rd4 $11) 31... Kf6 $1 32. Ke3 (32. Ng4+ fxg4 33.
fxe4 Ke5 $17) (32. Nd3 Nd6 33. c5 Nc4 (33... Rc4 34. Ne1 (34. Rxc4 Nxc4 35. a4
e5 36. b5 Ke6 (36... e4 37. Nb4 exf3+ 38. Kxf3 Ne5+ (38... Ke5 $2 39. c6 $1 Kd6
(39... b6 40. c7 Nd6 41. Nc6+ Ke6 42. Nxa7 Kd7 43. c8=Q+ Nxc8 44. Nxc8 Kxc8 45.
Kf4 g6 46. Ke5 Kd7 47. Kf6 Kd6 48. h4 $18) 40. cxb7 Kc7 41. Kf4 g6 42. Kg5 Kxb7
43. Kh6 $16) 39. Ke2 g5 40. a5 (40. c6 bxc6 41. bxc6 Ke6 42. c7 Kd7 43. Nd5 Nc4
44. Ne7 Kxc7 45. Nxf5 Kb6 $15) 40... Ke6 41. a6 bxa6 42. Nxa6 Kd5 (42... f4 43.
gxf4 gxf4 44. b6 axb6 45. cxb6 Nc6 46. b7 Kf5 47. Nb4 Nb8 48. Kf3 $18) 43. c6 (
43. b6 axb6 44. cxb6 Kc6 $17) 43... Kd6 44. c7 Kd7 $15) 37. Nb4 Na5 $11)) 34.
Rc3 e5 35. Ne1 e4 36. Nc2 exf3+ 37. Kxf3 Re4 38. Ne3 Ne5+ 39. Ke2 (39. Kg2 g5
40. Nd5+ Ke6 41. Nc7+ Kd7 42. Nb5 a5 (42... Re2+ 43. Kg1 g4 44. Nd6 Kc7 (44...
Nf3+ 45. Kf1 Rb2 (45... Rxh2 46. Nxb7 h5 47. c6+ Kc7 48. Nd6 h4 49. Ne8+ Kb6
50. gxh4 f4 51. c7 Rh1+ 52. Ke2 Re1+ 53. Kf2 Rxe8 54. c8=Q Rxc8 55. Rxc8 Nxh4
56. Rf8 $18) 46. Nxb7 Nxh2+ 47. Ke1 Nf3+ 48. Kd1 h5 49. Nd6 h4 50. c6+ Kxd6 (
50... Kc7 51. Nb5+ Kc8 52. c7 $18) 51. c7 $18) 45. Nxf5 Nf3+ 46. Kf1 Rxh2 47.
Re3 h5 48. Re2 Rh1+ 49. Kf2 Ra1 50. Re3 Ra2+ 51. Kf1 Nd2+ $11) 43. bxa5 Re2+)
39... g5 $17) 32... Rd1 $1 $15 33. Nd3 Nd6 34. c5 Nb5 35. c6 (35. a4 Nc7 36. c6
bxc6 37. Rxc6 Nd5+ 38. Ke2 Rxd3 $19) 35... bxc6 36. Rxc6 Nxa3 37. Ke2 $2 (37.
Nf4 $1 Rd6 $1 38. Nh5+ $1 (38. Rxd6 Nc4+ 39. Kd4 Nxd6 40. Kc5) 38... Ke7 (38...
Ke5 $4 39. f4+ Kd5 40. Rc5#) (38... Kg6 39. Nf4+ Kf7 40. Rc7+ Kf8 41. Nh5 g5
42. Nf6 h6 43. Rxa7 Nc2+ 44. Ke2 Nxb4 45. Nh7+ Ke8 46. Nf6+ Kf8 $11 (46... Kd8
47. Rh7 e5 48. Ng8 Rd7 49. Rh8 Kc7 50. Nxh6 f4 51. Rg8 $14)) 39. Rc3 Nb5 40.
Rc5 g6 41. Rxb5 gxh5 $15) 37... Rh1 38. Nf4 Rxh2+ 39. Kd3 (39. Kd1 Nb5 40.
Rxe6+ Kg5 (40... Kf7 41. Ra6 Rb2 42. Nd3 Rg2 43. Ra5 Nd4 44. Rxa7+ Kf6 45. Nf4
Rb2 46. Kc1 Rb3 47. Ra6+ Ke7 48. Ra7+ Kd6 49. Rxg7 $11) 41. Ra6 g6 42. Ne2 Rh1+
43. Kc2 Re1 44. Kd2 Rb1 45. Nc3 Rb2+ 46. Kc1 Rxb4 47. Nxb5 Rxb5 48. Rxa7 h5 49.
Kd2 Rb2+ 50. Ke3 Rg2 $19) 39... Rf2 $17 40. Ke3 $2 (40. Rxe6+ Kf7 41. Re3 Nc2
42. Re5 Nxb4+ 43. Kc4 Nc6 44. Rxf5+ Ke7 45. Rg5 (45. Rc5 Rc2+) 45... Kf6 46.
Rh5 Rxf3 47. Rxh7 Kf7 $17) 40... Ra2 $2 $138 (40... Rb2 $1 41. Rxe6+ (41. Nxe6
Nc2+ $19) 41... Kf7 42. Ra6 (42. Kd3 g5 43. Ra6 Rb3+ $19) 42... Nc2+ 43. Kd2
Nxb4+ 44. Kc3 Nxa6 $19) 41. Rxe6+ Kf7 42. Kd3 g5 43. Re2 Rxe2 (43... Nc2 $2 44.
Nd5 $14) (43... Rc2 $5 44. Rxc2 Nxc2 45. Nd5 Ke6 46. Kc4 Kd6 $17) 44. Nxe2 h5
45. Nd4 Kf6 46. Ke3 a6 47. f4 Nc4+ 48. Kf3 g4+ 49. Kg2 Ne3+ 50. Kf2 Nd5 51. Nc6
h4 52. Kg2 (52. gxh4 Nxf4 53. Nb8 (53. Kg3 Nd3 $19) 53... Nd3+ $19) 52... hxg3
$6 (52... h3+ 53. Kh2 (53. Kg1 Kg6 54. Kh1 Ne3) (53. Kf2 Ne3 54. Kg1 Nc2) 53...
Ne3 54. Kg1 (54. Nb8 Nf1+ 55. Kg1 Nxg3 56. Nxa6 Ne2+ 57. Kh2 Nxf4 58. b5 Kg5
59. b6 Kh4 60. b7 g3+ 61. Kg1 h2+ 62. Kh1 Kh3 63. b8=Q g2#) 54... Nc2 55. Kf1
Ke6 56. Kg1 Kd6 $19) 53. Kxg3 Kg6 54. Ne5+ Kh6 $1 (54... Kh5 55. Nc6 Nc3 56.
Ne7 (56. Kf2 Kh4 57. Ne7 g3+ 58. Kg2 Kg4 $19) 56... Ne2+ 57. Kf2 Nxf4 58. Nxf5
Nd5 59. Kg3 Kg5 60. Nd6 Nxb4 61. Ne4+ Kf5 62. Nd6+ Ke5 63. Nc4+ Kd4 64. Na5 $17
) 55. Nc6 Kh5 56. Nd4 Kg6 57. Nc6 (57. b5 a5 $19 (57... axb5 58. Nxb5 Nf6 59.
Kf2)) 57... Kf6 $22 58. Kh4 Nxf4 59. Nb8 Ng6+ 60. Kg3 Kg5 61. Nxa6 f4+ 62. Kg2
Kh4 $1 (62... Nh4+ 63. Kf1 g3 64. b5 f3 65. b6 Nf5 66. b7 Ne3+ 67. Ke1 f2+ 68.
Kd2 f1=Q 69. b8=Q Nc4+ 70. Kc3 g2 $19) 63. Nc5 (63. b5 f3+ 64. Kf1 (64. Kf2 Ne5
65. Ke3 g3 $19) 64... g3 65. b6 g2+ (65... Nf4 66. b7 g2+ 67. Kf2 Nh3+ 68. Kxf3
g1=Q 69. b8=Q Ng5+ 70. Ke2 $11) 66. Kf2 Ne5 67. b7 Ng4+ 68. Kxf3 g1=Q 69. b8=Q
Qe3+ 70. Kg2 Qf2+ 71. Kh1 Qf1#) 63... f3+ 64. Kf2 Ne5 65. b5 (65. Ne4 Nd3+ 66.
Ke3 Nxb4 67. Nd2 Kg3 $19) 65... g3+ 66. Ke3 g2 (66... f2 67. Ke2 Ng4 $19) 67.
Kf2 Ng4+ 68. Kg1 Kh3 69. Ne4 f2+ 0-1